[Event "EU-ch U18 rapid"]
[Site "Terme Catez"]
[Date "2023.09.28"]
[Round "3"]
[White "Vaupot, Luka"]
[Black "Juhasz, Agoston Botond"]
[Result "0-1"]
[WhiteElo "1888"]
[BlackElo "2320"]
[PlyCount "62"]
[EventDate "2023.09.28"]
[EventType "swiss (rapid)"]
[EventRounds "9"]
[EventCountry "SLO"]
[SourceTitle "EXT 2024"]
[Source "ChessBase"]
[SourceDate "2023.10.10"]
[SourceVersion "1"]
[SourceVersionDate "2023.10.10"]
[SourceQuality "1"]

1. d4 Nf6 2. c4 g6 3. Nc3 d5 4. Nf3 Bg7 5. Bf4 0-0 6. e3 Be6 7. Qb3 c5 8. dxc5 Na6 9. Rd1 Qa5 10. Qb5 Qxb5 11. Nxb5 dxc4 12. Nbd4 Bd5 13. Rc1 Rac8 14. c6 Bxc6 15. Nxc6 Rxc6 16. Bxc4 Nd5 17. Kd2 Nxf4 18. exf4 Rd8+ 19. Ke3 Bxb2 20. Rb1 Rxc4 21. Rxb2 Nc5 22. Ne5 Rc3+ 23. Ke2 f6 24. Ng4 Nd3 25. Rd2 Nxf4+ 26. Kd1 Rdc8 27. Rd4 Rc1+ 28. Kd2 R8c2+ 29. Ke3 Nxg2+ 30. Kf3 Nh4+ 31. Kg3 Nf5+ 0-1

[Event "EU-ch U18 rapid"]
[Site "Terme Catez"]
[Date "2023.09.28"]
[Round "5"]
[White "Vaupot, Luka"]
[Black "Szalay Ocsak, Bank"]
[Result "0-1"]
[WhiteElo "1888"]
[BlackElo "2137"]
[PlyCount "128"]
[EventDate "2023.09.28"]
[EventType "swiss (rapid)"]
[EventRounds "9"]
[EventCountry "SLO"]
[SourceTitle "EXT 2024"]
[Source "ChessBase"]
[SourceDate "2023.10.10"]
[SourceVersion "1"]
[SourceVersionDate "2023.10.10"]
[SourceQuality "1"]

1. d4 Nf6 2. c4 e6 3. g3 Bb4+ 4. Bd2 a5 5. Bg2 d5 6. Nf3 0-0 7. 0-0 dxc4 8. Qc2 Bxd2 9. Qxd2 b5 10. Ne5 Ra6 11. b3 cxb3 12. axb3 b4 13. Rc1 Nfd7 14. Nc4 c5 15. dxc5 Nxc5 16. Nxa5 Rxa5 17. Qxd8 Rxd8 18. Rxa5 Nxb3 19. Ra8 Nxc1 20. Rxb8 Nxe2+ 21. Kf1 Nc3 22. Bb7 Nxb1 23. Bxc8 Nc3 24. f4 b3 25. Rxb3 Rxc8 26. Kf2 Nd5 27. Rb7 g6 28. Kf3 Kg7 29. g4 Rc3+ 30. Ke4 Rc4+ 31. Ke5 Rxf4 32. h3 Rf1 33. Ke4 Re1+ 34. Kf3 Re3+ 35. Kg2 Nf4+ 36. Kf2 Rxh3 37. Ra7 Nd5 38. Kg2 Re3 39. Kf2 h5 40. gxh5 gxh5 41. Kg2 h4 42. Kh2 Nf6 43. Ra4 Re4 44. Ra5 Kg6 45. Kh3 Nd5 46. Ra8 f5 47. Rf8 Kg7 48. Ra8 Kf6 49. Rf8+ Ke5 50. Ra8 Rg4 51. Ra1 Nf4+ 52. Kh2 Rg2+ 53. Kh1 Rb2 54. Ra4 Ng6 55. Rc4 Kf6 56. Ra4 e5 57. Kg1 e4 58. Ra5 h3 59. Ra3 Nf4 60. Kh1 Nd5 61. Rxh3 e3 62. Kg1 f4 63. Rh5 Rb1+ 64. Kg2 e2 0-1

[Event "St Veit op 42nd"]
[Site "St Veit"]
[Date "2023.07.13"]
[Round "7"]
[White "Riemelmoser, Franz"]
[Black "Vaupot, Luka"]
[Result "0-1"]
[WhiteElo "2263"]
[BlackElo "2129"]
[PlyCount "118"]
[EventDate "2023.07.08"]
[EventType "swiss"]
[EventRounds "9"]
[EventCountry "AUT"]
[SourceTitle "CBM 215 Extra"]
[Source "ChessBase"]
[SourceDate "2023.09.30"]
[SourceVersion "1"]
[SourceVersionDate "2023.09.30"]
[SourceQuality "1"]

1. c4 Nf6 2. Nc3 d5 3. cxd5 Nxd5 4. g3 g6 5. Bg2 Nxc3 6. bxc3 Bg7 7. Nf3 0-0 8. 0-0 c5 9. Qa4 Bd7 10. Qh4 Bc6 11. Rb1 e5 12. Qxd8 Rxd8 13. c4 e4 14. Ne1 Rd4 15. d3 exd3 16. Nxd3 b6 17. Nb2 Bxg2 18. Kxg2 Nc6 19. Be3 Re4 20. Kf3 f5 21. Rfd1 Bxb2 22. Rxb2 Ne5+ 23. Kg2 Nxc4 24. Rb3 Nxe3+ 25. fxe3 Re7 26. a4 Rc7 27. a5 Rb8 28. Rdb1 Rc6 29. Kf3 c4 30. Rb5 c3 31. Rc1 Rd8 32. e4 c2 33. axb6 axb6 34. Rb2 fxe4+ 35. Kxe4 Rdc8 36. Kd3 Kf7 37. Kd2 Ke6 38. Rb5 Rd8+ 39. Ke1 Rd5 40. Rb2 Rdc5 41. Kd2 Kd6 42. e3 Kc7 43. Kd3 Rc3+ 44. Kd2 R6c5 45. Rb4 R3c4 46. Rb2 Kc6 47. Kd3 b5 48. Kd2 Rc3 49. g4 R5c4 50. g5 Kc5 51. Rcxc2 Rxc2+ 52. Rxc2 Rxc2+ 53. Kxc2 Kd5 54. Kb3 Ke4 55. Kb4 Kxe3 56. Kxb5 Kf4 57. Kc4 Kxg5 58. Kd3 Kg4 59. Ke2 Kh3 0-1

[Event "St Veit op 42nd"]
[Site "St Veit"]
[Date "2023.07.09"]
[Round "3"]
[White "Gihr, Michael"]
[Black "Vaupot, Luka"]
[Result "0-1"]
[WhiteElo "1988"]
[BlackElo "2129"]
[PlyCount "78"]
[EventDate "2023.07.08"]
[EventType "swiss"]
[EventRounds "9"]
[EventCountry "AUT"]
[SourceTitle "CBM 215 Extra"]
[Source "ChessBase"]
[SourceDate "2023.09.30"]
[SourceVersion "1"]
[SourceVersionDate "2023.09.30"]
[SourceQuality "1"]

1. d4 Nf6 2. c4 g6 3. Nc3 d5 4. Nf3 Bg7 5. cxd5 Nxd5 6. Bg5 0-0 7. e3 Be6 8. Be2 c5 9. 0-0 Nc6 10. Qd2 Rc8 11. Rac1 h6 12. Bh4 cxd4 13. Nxd4 Nxd4 14. exd4 Nxc3 15. bxc3 Bd5 16. c4 Be4 17. Rfd1 Qd7 18. f3 Bf5 19. Bf2 h5 20. h3 Qc7 21. g4 hxg4 22. hxg4 Bd7 23. Kg2 f5 24. c5 fxg4 25. Bc4+ e6 26. fxg4 Qf4 27. Qxf4 Rxf4 28. d5 Rxg4+ 29. Kf3 Rg5 30. dxe6 Rf8+ 31. Ke2 Re5+ 32. Be3 Bxe6 33. Bxe6+ Rxe6 34. Rd3 Rfe8 35. Rf1 Bh6 36. Rf3 Rxe3+ 37. Rdxe3 Rxe3+ 38. Rxe3 Bxe3 39. Kxe3 Kf7 0-1

[Event "St Veit op 42nd"]
[Site "St Veit"]
[Date "2023.07.09"]
[Round "2"]
[White "Vaupot, Luka"]
[Black "Rempe, Jonas"]
[Result "1-0"]
[WhiteElo "2129"]
[BlackElo "2005"]
[PlyCount "37"]
[EventDate "2023.07.08"]
[EventType "swiss"]
[EventRounds "9"]
[EventCountry "AUT"]
[SourceTitle "CBM 215 Extra"]
[Source "ChessBase"]
[SourceDate "2023.09.30"]
[SourceVersion "1"]
[SourceVersionDate "2023.09.30"]
[SourceQuality "1"]

1. d4 d5 2. c4 e6 3. Nf3 Nf6 4. g3 c5 5. cxd5 exd5 6. Bg2 Nc6 7. 0-0 cxd4 8. Nxd4 Bc5 9. Nb3 Be7 10. Nc3 Be6 11. Be3 0-0 12. Nd4 Ng4 13. Bf4 Rc8 14. Nxe6 fxe6 15. e4 Nf6 16. exd5 exd5 17. Nxd5 Nxd5 18. Qxd5+ Kh8 19. Qh5 1-0

[Event "St Veit op 42nd"]
[Site "St Veit"]
[Date "2023.07.08"]
[Round "1"]
[White "Wimmer, Herbert1111"]
[Black "Vaupot, Luka"]
[Result "0-1"]
[WhiteElo "1883"]
[BlackElo "2129"]
[PlyCount "64"]
[EventDate "2023.07.08"]
[EventType "swiss"]
[EventRounds "9"]
[EventCountry "AUT"]
[SourceTitle "CBM 215 Extra"]
[Source "ChessBase"]
[SourceDate "2023.09.30"]
[SourceVersion "1"]
[SourceVersionDate "2023.09.30"]
[SourceQuality "1"]

1. d4 Nf6 2. Bf4 d5 3. e3 c5 4. c3 Nc6 5. Nd2 cxd4 6. exd4 e6 7. Bd3 Bd6 8. Bxd6 Qxd6 9. Ngf3 Nh5 10. g3 0-0 11. Qe2 f6 12. Nh4 g6 13. Bxg6 hxg6 14. Nxg6 Ng7 15. Nxf8 Qxf8 16. 0-0-0 e5 17. Nb3 a5 18. dxe5 fxe5 19. Rxd5 Be6 20. Rb5 a4 21. Nc5 Bxa2 22. Nd7 Qf5 23. Rd1 Na5 24. Qxe5 Qb1+ 25. Kd2 Nc4+ 26. Ke1 Nxe5 27. Rxb1 Nd3+ 28. Kd2 Bxb1 29. Rxb7 Nxf2 30. Nf6+ Kh8 31. h4 Ne4+ 32. Nxe4 Bxe4 0-1

[Event "SLO-ch 32nd"]
[Site "Radenci"]
[Date "2022.07.09"]
[Round "8"]
[White "Rozmanec, Pia"]
[Black "Vaupot, Luka"]
[Result "1/2-1/2"]
[WhiteElo "1642"]
[BlackElo "2091"]
[PlyCount "109"]
[EventDate "2022.07.03"]
[EventType "swiss"]
[EventRounds "9"]
[EventCountry "SLO"]
[SourceTitle "EXT 2023"]
[Source "ChessBase"]
[SourceDate "2022.10.05"]
[SourceVersion "1"]
[SourceVersionDate "2022.10.05"]
[SourceQuality "1"]

1. e4 e6 2. d4 d5 3. Nc3 Nf6 4. e5 Nfd7 5. f4 c5 6. Nf3 Nc6 7. Be3 cxd4 8. Nxd4 Bc5 9. Qd2 0-0 10. 0-0-0 a6 11. Nb3 Bxe3 12. Qxe3 b5 13. Kb1 b4 14. Na4 a5 15. c4 bxc3 16. Qxc3 Bb7 17. Bb5 Rc8 18. Rc1 Ncxe5 19. Qxa5 Nc4 20. Qb4 Ndb6 21. Bxc4 Nxa4 22. Bd3 Nb6 23. Rxc8 Bxc8 24. g4 Nc4 25. Bxc4 dxc4 26. Qxc4 Bb7 27. Rg1 Bd5 28. Qc3 Qb8 29. Rf1 Rc8 30. Qe3 Bxb3 31. Qxb3 Qxb3 32. axb3 f6 33. Rf3 Kf7 34. Rc3 Rd8 35. Kc2 g5 36. fxg5 fxg5 37. Rc6 h5 38. h3 Kf6 39. Kc3 Rd1 40. Kc2 Rh1 41. Rc3 Rh2+ 42. Kc1 h4 43. b4 Ke5 44. b5 Rf2 45. b6 Rf7 46. Rc7 Rf8 47. b7 Rb8 48. Rf7 Ke4 49. Kd2 Kd4 50. Rd7+ Ke4 51. Ke2 Kf4 52. Rf7+ Kg3 53. Rf3+ Kg2 54. Rb3 e5 55. Ke1 1/2-1/2

[Event "SLO-ch 32nd"]
[Site "Radenci"]
[Date "2022.07.07"]
[Round "6"]
[White "Centrih, Aleks"]
[Black "Vaupot, Luka"]
[Result "1/2-1/2"]
[WhiteElo "1952"]
[BlackElo "2091"]
[PlyCount "77"]
[EventDate "2022.07.03"]
[EventType "swiss"]
[EventRounds "9"]
[EventCountry "SLO"]
[SourceTitle "EXT 2023"]
[Source "ChessBase"]
[SourceDate "2022.10.05"]
[SourceVersion "1"]
[SourceVersionDate "2022.10.05"]
[SourceQuality "1"]

1. e4 e6 2. d4 d5 3. Nc3 Nf6 4. e5 Nfd7 5. f4 c5 6. Nf3 Nc6 7. Be3 cxd4 8. Nxd4 Bc5 9. Qd2 0-0 10. 0-0-0 a6 11. Nb3 Bxe3 12. Qxe3 b5 13. Bd3 b4 14. Na4 a5 15. Kb1 Ba6 16. h4 Qb8 17. h5 Bb5 18. Nac5 Nxc5 19. Qxc5 Bxd3 20. cxd3 Rc8 21. Rc1 a4 22. Nd4 Nxd4 23. Qxd4 Qb5 24. g4 Rab8 25. Rxc8+ Rxc8 26. Rc1 Rxc1+ 27. Kxc1 b3 28. a3 Qc6+ 29. Qc3 Qxc3+ 30. bxc3 h6 31. Kb2 Kf8 32. Kc1 Ke7 33. Kb2 f5 34. gxf5 exf5 35. c4 d4 36. Kc1 Kf7 37. c5 Ke6 38. c6 Ke7 39. Kb2 1/2-1/2

[Event "SLO-ch 32nd"]
[Site "Radenci"]
[Date "2022.07.05"]
[Round "4"]
[White "Ivanec, Dezider"]
[Black "Vaupot, Luka"]
[Result "0-1"]
[WhiteElo "2065"]
[BlackElo "2091"]
[PlyCount "82"]
[EventDate "2022.07.03"]
[EventType "swiss"]
[EventRounds "9"]
[EventCountry "SLO"]
[SourceTitle "EXT 2023"]
[Source "ChessBase"]
[SourceDate "2022.10.05"]
[SourceVersion "1"]
[SourceVersionDate "2022.10.05"]
[SourceQuality "1"]

1. e4 e5 2. Nf3 Nc6 3. d4 exd4 4. Bc4 Bc5 5. c3 Nf6 6. e5 d5 7. Bb5 Ne4 8. cxd4 Bb6 9. Be3 0-0 10. 0-0 Bg4 11. Nc3 f5 12. exf6 Rxf6 13. Be2 Qd6 14. Nxe4 dxe4 15. Ng5 Bxe2 16. Qxe2 Qd5 17. Rac1 h6 18. Nh3 Nxd4 19. Bxd4 Qxd4 20. Rc4 Qd6 21. Rxe4 Rd8 22. g3 Qd3 23. Re8+ Rf8 24. Qe6+ Kh7 25. Rxd8 Rxd8 26. Nf4 Qc2 27. Qe7 Rd1 28. Nh3 Rd2 29. Qf7 Qg6 30. Qb3 Qd3 31. Qf7 Qd7 32. Qh5 Qd5 33. Qg4 Rxb2 34. Rd1 h5 35. Qxg7+ Kxg7 36. Rxd5 Rxa2 37. Rxh5 a5 38. Ng5 Rxf2 39. Kh1 Kg6 40. g4 a4 41. Ne4 a3 0-1

[Event "Cattolica Halloween op"]
[Site "Cattolica"]
[Date "2021.10.28"]
[Round "3"]
[White "Olenik Campa, Rudi"]
[Black "Vaupot, Luka"]
[Result "1-0"]
[WhiteElo "2245"]
[BlackElo "1989"]
[PlyCount "129"]
[EventDate "2021.10.27"]
[EventType "swiss"]
[EventRounds "9"]
[EventCountry "ITA"]
[SourceTitle "CBM 204 Extra"]
[Source "ChessBase"]
[SourceDate "2021.11.30"]
[SourceVersion "1"]
[SourceVersionDate "2021.11.30"]
[SourceQuality "1"]

1. g3 Nf6 2. Bg2 d5 3. d3 g6 4. Nd2 Bg7 5. Ngf3 0-0 6. c4 c6 7. 0-0 Nbd7 8. Rb1 dxc4 9. Nxc4 Nd5 10. Bd2 N7b6 11. Qc2 h6 12. a4 a5 13. Bxa5 c5 14. Qb3 Ra6 15. e4 Nb4 16. d4 Be6 17. d5 Rxa5 18. Nxa5 Bd7 19. Ra1 Qa8 20. Nc4 Nxc4 21. Qxc4 b6 22. a5 Bxb2 23. Rab1 Bg7 24. axb6 Rc8 25. e5 e6 26. d6 Qb8 27. Rxb4 cxb4 28. Qxb4 Bc6 29. Qa5 f6 30. exf6 Bxf6 31. Ne5 Bxg2 32. Kxg2 Qxd6 33. Nxg6 Rb8 34. Nf4 Qxb6 35. Qa2 Kf7 36. Re1 Qc6+ 37. Kg1 Re8 38. Qb1 e5 39. Qg6+ Kf8 40. Qxh6+ Kf7 41. Qh7+ Bg7 42. Nh5 Qg6 43. Qxg7+ Qxg7 44. Nxg7 Kxg7 45. f4 e4 46. Kf2 Kf6 47. g4 Rg8 48. Kg3 Re8 49. h4 Kg6 50. f5+ Kf6 51. Kf4 Rh8 52. h5 Rf8 53. Rxe4 Kg7 54. g5 Rd8 55. f6+ Kf7 56. Kf5 Rd5+ 57. Re5 Rd1 58. g6+ Kf8 59. h6 Rf1+ 60. Ke6 Rf2 61. g7+ Kg8 62. f7+ Rxf7 63. h7+ Kxh7 64. Kxf7 Kh6 65. g8N+ 1-0

[Event "Cattolica Halloween op"]
[Site "Cattolica"]
[Date "2021.10.27"]
[Round "1"]
[White "Mrdja, Milan"]
[Black "Vaupot, Luka"]
[Result "1-0"]
[WhiteElo "2260"]
[BlackElo "1989"]
[PlyCount "59"]
[EventDate "2021.10.27"]
[EventType "swiss"]
[EventRounds "9"]
[EventCountry "ITA"]
[SourceTitle "CBM 204 Extra"]
[Source "ChessBase"]
[SourceDate "2021.11.30"]
[SourceVersion "1"]
[SourceVersionDate "2021.11.30"]
[SourceQuality "1"]

1. e4 e6 2. d4 d5 3. Nc3 Nf6 4. e5 Nfd7 5. f4 c5 6. Nf3 Nc6 7. Be3 cxd4 8. Nxd4 Bc5 9. Qd2 0-0 10. 0-0-0 a6 11. Kb1 Nxd4 12. Bxd4 b5 13. Ne2 a5 14. Bxc5 Nxc5 15. Nd4 b4 16. Qe3 Ba6 17. Bd3 a4 18. f5 b3 19. f6 bxa2+ 20. Kxa2 Bxd3 21. Rxd3 Kh8 22. Nc6 Nxd3 23. cxd3 Qd7 24. fxg7+ Kg8 25. gxf8Q+ Kxf8 26. Qc5+ Kg7 27. Rc1 Qb7 28. Rc3 Ra6 29. d4 Rb6 30. Rg3+ 1-0

[Event "Trieste op 23rd"]
[Site "Trieste"]
[Date "2021.09.03"]
[Round "8"]
[White "Vaupot, Luka"]
[Black "Risting, Eivind Olav"]
[Result "0-1"]
[WhiteElo "2030"]
[BlackElo "2307"]
[PlyCount "44"]
[EventDate "2021.08.28"]
[EventType "swiss"]
[EventRounds "9"]
[EventCountry "ITA"]
[SourceTitle "CBM 204 Extra"]
[Source "ChessBase"]
[SourceDate "2021.11.30"]
[SourceVersion "1"]
[SourceVersionDate "2021.11.30"]
[SourceQuality "1"]

1. d4 Nf6 2. c4 e6 3. g3 d5 4. Nf3 dxc4 5. Bg2 c6 6. 0-0 b5 7. Ne5 Bb7 8. a4 a6 9. Nc3 Qc8 10. e4 Nbd7 11. f4 Be7 12. Ng4 b4 13. e5 Nxg4 14. Qxg4 bxc3 15. Qxg7 Rf8 16. f5 cxb2 17. Bxb2 exf5 18. Rxf5 Nb6 19. Raf1 Qe6 20. Rf6 Bxf6 21. exf6 0-0-0 22. Qh6 Kb8 0-1

[Event "Balkan-ch U16"]
[Site "Tornelo INT"]
[Date "2020.11.01"]
[Round "7"]
[White "Magold, Victor"]
[Black "Vaupot, Luka"]
[Result "1-0"]
[WhiteElo "1801"]
[BlackElo "1713"]
[PlyCount "61"]
[EventDate "2020.10.31"]
[EventType "swiss"]
[EventRounds "7"]
[EventCountry "NET"]
[SourceTitle "EXT 2023"]
[Source "ChessBase"]
[SourceDate "2022.10.05"]
[SourceVersion "1"]
[SourceVersionDate "2022.10.05"]
[SourceQuality "1"]

1. d4 Nf6 2. Nf3 g6 3. g3 Bg7 4. Bg2 0-0 5. 0-0 d5 6. Nbd2 Bf5 7. Nh4 c5 8. Nxf5 gxf5 9. dxc5 Ne4 10. c4 Nc6 11. cxd5 Nxd2 12. Bxd2 Na5 13. Qc2 b5 14. Bc3 Nc4 15. Bxg7 Kxg7 16. b3 Ne5 17. Qxf5 Ng6 18. h4 Re8 19. h5 Nf8 20. Rfd1 Rc8 21. Rd4 Nd7 22. Rg4+ Kh8 23. Qxf7 Rg8 24. Rxg8+ Qxg8 25. Qxg8+ Rxg8 26. c6 Nb6 27. Rc1 Rc8 28. c7 Kg7 29. Bh3 Rf8 30. h6+ Kh8 31. c8Q 1-0

[Event "Balkan-ch U16"]
[Site "Tornelo INT"]
[Date "2020.11.01"]
[Round "6"]
[White "Vaupot, Luka"]
[Black "Veljanoski, Andrej"]
[Result "0-1"]
[WhiteElo "1713"]
[BlackElo "1967"]
[PlyCount "88"]
[EventDate "2020.10.31"]
[EventType "swiss"]
[EventRounds "7"]
[EventCountry "NET"]
[SourceTitle "EXT 2023"]
[Source "ChessBase"]
[SourceDate "2022.10.05"]
[SourceVersion "1"]
[SourceVersionDate "2022.10.05"]
[SourceQuality "1"]

1. d4 d5 2. c4 e6 3. Nf3 c6 4. g3 Nf6 5. Bg2 Be7 6. 0-0 Nbd7 7. Qc2 0-0 8. Nbd2 b6 9. e4 dxe4 10. Nxe4 Ba6 11. Ne5 Nxe5 12. dxe5 Nxe4 13. Bxe4 h6 14. Qa4 Qd4 15. Bxc6 Qxc4 16. Qxc4 Bxc4 17. Bxa8 Bxf1 18. Be4 Bc4 19. Be3 Rd8 20. Rc1 Bxa2 21. Rc7 Bc5 22. Bxc5 bxc5 23. Rxc5 g6 24. Rc7 Rb8 25. Bc6 a6 26. Rb7 Rc8 27. Rb6 Bc4 28. b4 Rd8 29. Kg2 Rc8 30. Kf3 Rxc6 31. Rxc6 Bd5+ 32. Ke3 Bxc6 33. Kd4 Bb5 34. f4 Kf8 35. Kc5 Ke7 36. h4 f6 37. Kd4 g5 38. fxg5 fxg5 39. hxg5 hxg5 40. Kc5 Kf7 41. Kd6 g4 42. Kc5 Kg6 43. Kd4 Kf5 44. Kc5 Kxe5 0-1

[Event "Balkan-ch U16"]
[Site "Tornelo INT"]
[Date "2020.10.31"]
[Round "1"]
[White "Krallis, Christos"]
[Black "Vaupot, Luka"]
[Result "1-0"]
[WhiteElo "2174"]
[BlackElo "1713"]
[PlyCount "59"]
[EventDate "2020.10.31"]
[EventType "swiss"]
[EventRounds "7"]
[EventCountry "NET"]
[SourceTitle "EXT 2023"]
[Source "ChessBase"]
[SourceDate "2022.10.05"]
[SourceVersion "1"]
[SourceVersionDate "2022.10.05"]
[SourceQuality "1"]

1. d4 Nf6 2. c4 g6 3. Nf3 Bg7 4. g3 c6 5. Bg2 d5 6. 0-0 0-0 7. cxd5 cxd5 8. Nc3 Ne4 9. Bf4 Nc6 10. Rc1 Bf5 11. Ne5 Rc8 12. Nxc6 Rxc6 13. Qb3 Bxd4 14. Qxb7 Nxc3 15. bxc3 Rxc3 16. Rxc3 Bxc3 17. Bxd5 Bd4 18. Rd1 Qb6 19. Qxe7 Bxf2+ 20. Kh1 Bd4 21. Bh6 Bg7 22. Bxf7+ Kh8 23. Bxg7+ Kxg7 24. Bd5+ Rf7 25. Qxf7+ Kh6 26. Qf8+ Kh5 27. Bf3+ Bg4 28. Bxg4+ Kxg4 29. Qf4+ Kh5 30. Qh4# 1-0

[Event "Balkan-ch U16"]
[Site "Tornelo INT"]
[Date "2020.10.31"]
[Round "4"]
[White "Vaupot, Luka"]
[Black "Cani, Dejvi"]
[Result "1-0"]
[WhiteElo "1713"]
[BlackElo "1188"]
[PlyCount "79"]
[EventDate "2020.10.31"]
[EventType "swiss"]
[EventRounds "7"]
[EventCountry "NET"]
[SourceTitle "EXT 2023"]
[Source "ChessBase"]
[SourceDate "2022.10.05"]
[SourceVersion "1"]
[SourceVersionDate "2022.10.05"]
[SourceQuality "1"]

1. d4 Nf6 2. c4 g6 3. Nc3 Bg7 4. Nf3 d6 5. g3 0-0 6. Bg2 Nbd7 7. 0-0 c5 8. d5 Nb6 9. Qd3 e6 10. e4 exd5 11. cxd5 Re8 12. h3 Bd7 13. Be3 Rc8 14. Nd2 h5 15. f4 Qe7 16. a4 a5 17. Bf2 h4 18. g4 Nh7 19. b3 f5 20. gxf5 gxf5 21. e5 dxe5 22. d6 Qe6 23. fxe5 Bxe5 24. Nc4 Bxc3 25. Nxb6 Qg6 26. Qc4+ Be6 27. Qxc3 Rc6 28. Nc4 Bd5 29. Bg3 Bxg2 30. d7 Rd8 31. Ne5 Qf6 32. Kxg2 hxg3 33. Qxg3+ Kh8 34. Nxc6 Qxc6+ 35. Kh2 Rxd7 36. Qb8+ Kg7 37. Rg1+ Kf6 38. Qh8+ Ke7 39. Rae1+ Kd6 40. Qe5# 1-0

[Event "SLO-chT1 East 29th"]
[Site "Slovenia"]
[Date "2019.10.20"]
[Round "9.3"]
[White "Tisaj, Domen"]
[Black "Vaupot, Luka"]
[Result "1-0"]
[WhiteElo "2296"]
[BlackElo "1992"]
[PlyCount "63"]
[EventDate "2019.09.06"]
[EventType "team-tourn"]
[EventRounds "9"]
[EventCountry "SLO"]
[SourceTitle "CBM 192 Extra"]
[Source "Chessbase"]
[SourceDate "2019.11.06"]
[SourceVersion "1"]
[SourceVersionDate "2019.11.06"]
[SourceQuality "1"]
[WhiteTeam "Zalec"]
[BlackTeam "Slovenj Gradec"]
[WhiteTeamCountry "SLO"]
[BlackTeamCountry "SLO"]

1. c4 e6 2. Nc3 d5 3. d4 Nf6 4. cxd5 exd5 5. Bg5 c6 6. Qc2 Bd6 7. e3 0-0 8. Bd3 h6 9. Bh4 Re8 10. Nge2 Be6 11. Bg3 Nh5 12. Bxd6 Qxd6 13. 0-0 g6 14. f3 Ng7 15. e4 Nd7 16. e5 Qe7 17. Qd2 h5 18. Qe3 Qb4 19. a3 Qb6 20. b4 a5 21. Na4 Qa7 22. b5 Bf5 23. f4 f6 24. Bxf5 Nxf5 25. Qf2 Nb6 26. Nc5 fxe5 27. fxe5 Nc4 28. Nd7 Re6 29. Nf4 Re7 30. b6 Nxb6 31. Nf6+ Kf7 32. Nxg6 1-0

[Event "SLO-chT1 East"]
[Site "Slovenia"]
[Date "2019.09.21"]
[Round "5.4"]
[White "Vaupot, Luka"]
[Black "Zorko, Joze"]
[Result "1/2-1/2"]
[WhiteElo "1992"]
[BlackElo "2100"]
[PlyCount "95"]
[EventDate "2019.09.06"]
[EventType "team-tourn"]
[EventRounds "9"]
[EventCountry "SLO"]
[SourceTitle "EXT 2020"]
[Source "ChessBase"]
[SourceDate "2019.10.17"]
[SourceVersion "1"]
[SourceVersionDate "2019.10.17"]
[SourceQuality "1"]
[WhiteTeam "Slovenj Gradec"]
[BlackTeam "Celjski"]
[WhiteTeamCountry "SLO"]
[BlackTeamCountry "SLO"]

1. d4 d5 2. c4 e6 3. Nf3 Nf6 4. g3 dxc4 5. Bg2 Bb4+ 6. Bd2 a5 7. Qc2 0-0 8. Qxc4 Bxd2+ 9. Nbxd2 Nbd7 10. 0-0 c6 11. Rfd1 Qe7 12. Ne5 Nd5 13. e4 N5b6 14. Qc3 f6 15. Nec4 Qb4 16. Bh3 Re8 17. Qxb4 axb4 18. Nd6 Re7 19. Nb3 Na4 20. Rd2 b6 21. d5 cxd5 22. exd5 Ndc5 23. Nxc8 Rxc8 24. dxe6 Nxe6 25. Nd4 Rd8 26. Bxe6+ Rxe6 27. Nxe6 Rxd2 28. b3 Nc3 29. a3 Kf7 30. Nf4 g5 31. Nh3 Rb2 32. axb4 Rxb3 33. Ra7+ Kg6 34. Rc7 Nd5 35. Rd7 Nxb4 36. f4 h6 37. Nf2 gxf4 38. gxf4 Kf5 39. Rh7 Kxf4 40. Rxh6 Kg5 41. Rh8 f5 42. h4+ Kg6 43. Rg8+ Kf7 44. Rg5 Kf6 45. Rg8 Nc2 46. h5 Rb4 47. h6 Rh4 48. Rb8 1/2-1/2

[Event "SLO-chT1 East"]
[Site "Slovenia"]
[Date "2019.09.08"]
[Round "3.3"]
[White "Benko, Bostjan"]
[Black "Vaupot, Luka"]
[Result "1/2-1/2"]
[WhiteElo "1932"]
[BlackElo "1992"]
[PlyCount "60"]
[EventDate "2019.09.06"]
[EventType "team-tourn"]
[EventRounds "9"]
[EventCountry "SLO"]
[SourceTitle "EXT 2020"]
[Source "ChessBase"]
[SourceDate "2019.10.17"]
[SourceVersion "1"]
[SourceVersionDate "2019.10.17"]
[SourceQuality "1"]
[WhiteTeam "Zagorje ob Savi"]
[BlackTeam "Slovenj Gradec"]
[WhiteTeamCountry "SLO"]
[BlackTeamCountry "SLO"]

1. e4 e6 2. c4 d5 3. cxd5 exd5 4. exd5 Nf6 5. Bb5+ Bd7 6. Bc4 Be7 7. Nf3 Bg4 8. Qb3 0-0 9. 0-0 Nbd7 10. d4 Nb6 11. Ne5 Nxc4 12. Qxc4 Bf5 13. Nc3 Qd6 14. Be3 Rad8 15. a3 a6 16. f3 Nxd5 17. Nxd5 Qxd5 18. Qxc7 Bd6 19. Qc4 Bxe5 20. Qxd5 Rxd5 21. dxe5 Rxe5 22. Kf2 Rb5 23. Bd4 Rd8 24. Rfe1 f6 25. Bc3 Kf7 26. Rad1 Rbd5 27. Rxd5 Rxd5 28. f4 Bc2 29. Bb4 Rd7 30. Re2 Ba4 1/2-1/2

[Event "SLO-ch 29th"]
[Site "Radenci"]
[Date "2019.04.27"]
[Round "1"]
[White "Vaupot, Luka"]
[Black "Tomazini, Zan"]
[Result "0-1"]
[WhiteElo "1824"]
[BlackElo "2390"]
[PlyCount "48"]
[EventDate "2019.04.27"]
[EventType "swiss"]
[EventRounds "9"]
[EventCountry "SLO"]
[SourceTitle "CBM 190 Extra"]
[Source "ChessBase"]
[SourceDate "2019.07.15"]
[SourceVersion "1"]
[SourceVersionDate "2019.07.15"]
[SourceQuality "1"]

1. d4 Nf6 2. c4 Nc6 3. Nf3 e6 4. g3 d5 5. Bg2 dxc4 6. 0-0 Rb8 7. Qc2 Nxd4 8. Nxd4 Qxd4 9. Rd1 Qb6 10. Qxc4 Bc5 11. Bf4 Bxf2+ 12. Kh1 Bc5 13. Nc3 Bd7 14. Na4 Bxa4 15. Qxa4+ Ke7 16. e4 Qb4 17. Qxb4 Bxb4 18. Bxc7 Rbc8 19. Rac1 Ng4 20. Rd4 Ne5 21. Rxb4 Nd3 22. Bd6+ Kxd6 23. Rd1 Kc5 24. Rxd3 Kxb4 0-1

[Event "SLO-CupT"]
[Site "Dobrna"]
[Date "2019.04.13"]
[Round "3.9"]
[White "Peric, Bernard"]
[Black "Vaupot, Luka"]
[Result "1-0"]
[WhiteElo "2128"]
[BlackElo "1824"]
[PlyCount "69"]
[EventDate "2019.04.12"]
[EventType "team-swiss"]
[EventRounds "5"]
[EventCountry "SLO"]
[SourceTitle "EXT 2020"]
[Source "ChessBase"]
[SourceDate "2019.10.17"]
[SourceVersion "1"]
[SourceVersionDate "2019.10.17"]
[SourceQuality "1"]
[WhiteTeam "Zagorje ob Savi"]
[BlackTeam "Slovenj Gradec"]
[WhiteTeamCountry "SLO"]
[BlackTeamCountry "SLO"]

1. d4 Nf6 2. Bg5 e6 3. e3 b6 4. Nf3 Bb7 5. Bd3 Be7 6. Nbd2 d5 7. c3 h6 8. Bh4 0-0 9. Qe2 c5 10. Ne5 Ne4 11. Bxe7 Qxe7 12. 0-0-0 Rc8 13. Nxe4 dxe4 14. Bc2 f6 15. Ng6 Qf7 16. Nf4 Nd7 17. Bb3 Bd5 18. Nxd5 exd5 19. dxc5 Rxc5 20. Rxd5 Rxd5 21. Rd1 Rxd1+ 22. Qxd1 Rd8 23. Bxf7+ Kxf7 24. Kc2 Ke7 25. Qg4 Kf8 26. Qxe4 Nc5 27. Qc6 Nd3 28. Qc7 Ne1+ 29. Kb3 Rd5 30. Qb8+ Kf7 31. Qb7+ Ke6 32. Qc6+ Rd6 33. Qe8+ Kf5 34. g4+ Kg5 35. Qh5# 1-0